Komplexné posúdenie vnútorného prostredia budov

Salvato in:
Dettagli Bibliografici
Autore principale: Belianská, Veronika, 1988- (Autore)
Altri autori: Šantavá, Renáta, 1975- (Relatore della tesi)
Natura: Manoscritto Libro
Lingua:slovacco
Pubblicazione: STU v Bratislave MTF UBEI, 2010
Accesso online:VAIS
Tags: Aggiungi Tag
Nessun Tag, puoi essere il primo ad aggiungerne!!

MARC

LEADER 00000ntm a22000003a 4500
001 stu206698
005 20160719160228.2
008 100708s2010------------------------slo-d
040 |a STU  |b slo 
041 0 |a slo 
100 1 |a Belianská, Veronika,  |d 1988-  |4 aut  |X 48478  |7 A000048478 
242 0 0 |a Comprehensive assessment of indoor environment.  |y eng 
245 1 |a Komplexné posúdenie vnútorného prostredia budov 
260 |b STU v Bratislave MTF UBEI,  |c 2010 
700 1 |a Šantavá, Renáta,  |d 1975-  |4 ths  |u M390  |U MTF Materiálovotechnologická fakulta  |T MTF Katedra environmentálneho a bezpečnostného inžinierstva  |X 37961  |U M390  |Y 177  |7 A000037961 
856 4 |a info a plný text  |u http://is.stuba.sk/zp/portal_zp.pl?podrobnosti=47095  |3 VAIS 
996 |c M*BP-4922  |l MMSKP  |s P  |a 0  |w stu206698_0001